000 00681nam a2200229 i 4500
001 C2-0004666
003 PPAK
005 20190630221823.0
008 970122s io |||| ||||| | may d
040 _aPPAK
_beng
_cPPAK
_erda
082 0 4 _a297.1978344
_223
090 0 0 _a297.1978344
_bALQ
_dG
100 1 _aAl-Qardhawi, Muhammad Yusof,
_eauthor
245 1 0 _aWanita-wanita pejuang Islam
264 1 _aSurabaya :
_bToko Kitab Al-Asriyah ,
_c[date of publication not identified]
300 _a64 pages ;
_c19 cm
336 _2rdacontent
_atext
337 _2rdamedia
_aunmediated
338 _2rdacarrier
_avolume
650 1 0 _aWomen, Muslim - Conduct of life.
942 _ddc
_cB
999 _c1179
_d1179